000 00680nam a2200205Ia 4500
005 20260121110032.0
008 008 260114s9999 xx 000 0 hin d
020 _a9788132350903
037 _aEBOOK
040 _aCRL
_bhin
_cCRL
041 _ahin
_2hin
084 _qCRL
100 _aरमेश गोस्वामी / Ramesh Goswami
_9941250
245 0 _aजीवाणु एवं विषाणु विज्ञान / Jeevanu aur Vishanu Vigyan
260 _bभाषा प्रकाशन / Bhasha Prakashan
_c2020
856 _uhttps://bhashaprakashan.com/product-details/378430
942 _cEBOOK
999 _c1532915
_d1532915